Cognitive reliability and error analysis method : CREAM

Salvato in:
Dettagli Bibliografici
Autore principale: Hollnagel, Erik (Autore)
Natura: Libro
Lingua:inglese
Pubblicazione: Oxford : Elsevier Science, 1998
Tags: Aggiungi Tag
Nessun Tag, puoi essere il primo ad aggiungerne!!

MARC

LEADER 00000nam a22000003a 4500
001 stu279374
005 20190206122900.1
008 131204s1998----uk------------------eng-d
020 |a 0-08-042848-7 
040 |a STU  |b slo 
041 0 |a eng 
044 |a uk 
100 1 |a Hollnagel, Erik  |4 aut 
245 1 |a Cognitive reliability and error analysis method :  |b CREAM 
260 |a Oxford :  |b Elsevier Science,  |c 1998 
300 |a 287 s 
996 |b 284M085726  |c M*13627-1  |l MMST  |s A  |a 24  |w stu279374_0001